000 00346nam a2200157Ia 4500
003 OSt
005 20240124095330.0
008 170524s9999 xx 000 0 und d
020 _a9351429172
040 _cIIMT UNIVERSITY
100 _aGhosh- P. K.
245 0 _aIndustrial Psychology
260 _bHimalya
260 _c2005
942 _2ddc
_c02
999 _c6287
_d6287